Cleveland Cavaliers on Other Teams - Statistics

General Stats
  • This quiz has been taken 11 times
  • The average score is 16 of 29
Answer Stats
Picture Answer % Correct
Kevin Love
100%
Kyrie Irving
100%
LeBron James
100%
J.R. Smith
89%
Shawn Kemp
89%
Andre Miller
78%
Collin Sexton
78%
Mark Price
78%
Matthew Dellavedova
78%
Tristan Thompson
78%
Zydrunas Ilgauskas
78%
Craig Ehlo
67%
Drew Gooden
67%
Hot Rod Williams
67%
Mo Williams
67%
Danny Ferry
56%
Ron Harper
56%
Caris LeVert
44%
Terrell Brandon
44%
World B. Free
44%
Bobby Phills
33%
Bob Sura
33%
Wesley Person
22%
Campy Russell
11%
Geoff Huston
11%
John Johnson
11%
Alonzo Gee
0%
Lamond Murray
0%
Phil Hubbard
0%
No matching quizzes found
Score Distribution
Percent of People with Each Score
Percentile by Number Answered
Your Score History
You have not taken this quiz